02961nam a2200409 i 450000100190000000500170001900600190003600700150005500800410007002000180011102000180012902000260014703500260017303500230019903500230022203500190024503500300026404000410029404100120033510000360034724501110038325000190049426400360051330000240054950400530057350505190062652010130114565000240215865000270218265000300220965000300223965000320226965000200230170000290232170000290235085601720237999110746256150619620250908075411.0m o d | cr#cn|||||||||201105s2010 nyua ob 001 0 eng d a9780071770156 a9786612961250 a9780071770156 (ebook) a(CKB)2670000000066318 a(MiAaPQ)EBC4658311 a(MiAaPQ)EBC6262353 a(PPN)254347592 a(EXLCZ)992670000000066318 aMiAaPQbengerdaepncMiAaPQdMiAaPQ aEnglish aHofstede, Geertd1928-eauthor.10aCultures and organizations b: software of the mind c/ Geert Hofstede, Gert Jan Hofstede, Michael Minkov. aThird edition. 1aNew York :bMcGraw-Hill,c2010. axiv, 561 p. :bill. aIncludes bibliographical references and indexes.0 aThe concept of culture — The rules of the social game — Studying cultural differences — Dimensions of national cultures — More equal than others — I, we, and they — He, she, and (s)he — What is different is dangerous — Yesterday, now or later? — Light or dark? — Cultures in organizations — Pyramids, machines, markets, and families: organizing across nations — The elephant and the stork: organizational cultures — Implications — Intercultural encounters — The evolution of cultures. aThe revolutionary study of how the place where wegrew up shapes the way we think, feel, and act--with new dimensions and perspectives Based on research conducted in more than seventy countries over a forty-year span, Cultures and Organizations examines what drives people apart-when cooperationis so clearly in everyone's interest. With major new contributions from MichaelMinkov's analysis of data from the World Values Survey, as well as an account ofthe evolution of cultures by Gert Jan Hofstede, this revised and expanded edition: Reveals the "moral circles" from which national societiesare built and the unexamined rules by which people think, feel, and act Explores how national cultures differ in the areas of inequality, assertiveness versus modesty, and tolerance for ambiguity Explains how organizational cultures differ from nationalcultures-and how they can be managed Analyzes stereotyping, differences in language, cultural rootsof the 2008 economic crisis, and other intercultural dynamics.  0aCultural pluralism. 0aOrganizationxResearch 0aNational characteristics. 0aInternational cooperation 0aIntercultural communication 0aEthnopsychology aMinkov, Michaeleauthor. aHofstede, Geerteauthor. uhttps://bibliotheque.tbs-education.fr/Default/doc/SYRACUSE/3391544/cultures-and-organizations-software-of-the-mind-intercultural-cooperation-and-its-importance-for-sur